00839nam a2200253 i 4500001001000000003000900010005001700019007000300036008004100039040003000080041000800110049000900118082001700127100005800144245007600202264003600278300002700314336002700341337003300368338002800401942001300429952012600442999001700568000027969DO-SdBNP20260116065459.0ta110406s1977 dr 000 p spa d aDO-SdBNPbspacBNPHUerda aspa aBNPD 4axxxbxxx2221 aRodríguez Soriano, René,d1950-eautor4aut.923210aRaíces :bcon dos comienzos y un final /cRené Rodríguez Soriano. 1aSanto Domingo :bTaller,c1977. a28 páginas ;c13 cm. atextobtxt2rdacontent asin mediaciónbn2rdamedia avolumenbnc2rdacarrier 2ddccLF2 00102ddc51708PD-FaBNPHUbBNPHUcCTd2011-04-06l0o BNPHU F-PD p27969-10r2020-06-25w2020-06-25yLF2ZNo se presta c27461d27461